| 000 | 00471nam a2200205Ia 4500 | ||
|---|---|---|---|
| 003 | 0100 | ||
| 008 | 130303s9999 xx 000 0 und d | ||
| 020 | _a0231062389 | ||
| 040 | _cARRUPELIB | ||
| 050 | _aB3305.M74 67 1986 | ||
| 100 | _aLove, Nancy Y | ||
| 245 | _aMarx, Nietzsche, and modernity | ||
| 260 | _aNew York | ||
| 260 | _bColumbia University Press | ||
| 260 | _C1986 | ||
| 300 | _a264p. | ||
| 300 | _b 23 cm. | ||
| 650 | _aPHILOSOPHY | ||
| 942 | 0 | 0 | _01 |
| 999 |
_c22857 _d22857 |
||